[Event "1. Bundesliga 2014/2015"]
[Site "Feffernitz, St. Veit/Glan, Mayrhofen"]
[Date "2014.11.20"]
[Round "1"]
[Board "4"]
[White "Geske, Julian"]
[Black "Shengelia, David"]
[Result "0-1"]
[WhiteElo "2401"]
[BlackElo "2560"]
[PlyCount "92"]
[EventDate "2014.11.20"]
[EventType "team"]
[EventRounds "11"]
[EventCountry "AUT"]
[WhiteTeam "SIR Royal Salzburg"]
[BlackTeam "Sparkasse Jenbach"]

1. e4 c5 2. Nf3 d6 3. d4 cxd4 4. Nxd4 Nf6 5. Nc3 Nc6 6. Bc4 e6 7. Bb3 a6 8. Be3
Na5 9. f4 b5 10. e5 dxe5 11. fxe5 Nxb3 12. axb3 Nd5 13. Qf3 Bb7 14. O-O Qc7 15.
Nxd5 Bxd5 16. Qg3 g6 17. Bg5 Bg7 18. Bf6 Bxf6 19. Rxf6 O-O 20. Kh1 b4 21. Raf1
Rad8 22. Nf3 Qxc2 23. Ng5 Rd7 24. h4 Qxb3 25. Qf2 Kg7 26. Kh2 Qd3 27. Nxf7 Qe4
28. h5 Qxg2+ 29. Qxg2 Bxg2 30. Ng5 Bxf1 31. Nxe6+ Kh6 32. Nxf8 Rd2+ 33. Kg3
Rg2+ 34. Kf3 Kxh5 35. Rf4 Rxb2 36. e6 Be2+ 37. Kg3 Bb5 38. Nxh7 g5 39. Re4 Kg6
40. Nf8+ Kf5 41. Re3 Bc6 42. Re1 Rg2+ 43. Kh3 g4+ 44. Kh4 Rh2+ 45. Kg3 Rh3+ 46.
Kf2 g3+ 0-1

[Event "1. Bundesliga 2014/2015"]
[Site "Feffernitz, St. Veit/Glan, Mayrhofen"]
[Date "2014.11.20"]
[Round "1"]
[Board "5"]
[White "Boensch, Uwe"]
[Black "Schramm, Christian"]
[Result "1-0"]
[WhiteElo "2541"]
[BlackElo "2397"]
[PlyCount "107"]
[EventDate "2014.11.20"]
[EventType "team"]
[EventRounds "11"]
[EventCountry "AUT"]
[WhiteTeam "Sparkasse Jenbach"]
[BlackTeam "SIR Royal Salzburg"]

1. d4 Nf6 2. c4 e6 3. Nf3 Bb4+ 4. Nbd2 O-O 5. g3 b6 6. Bg2 Bb7 7. O-O d6 8. Nb3
d5 9. c5 bxc5 10. a3 c4 11. axb4 cxb3 12. Qxb3 c6 13. Bf4 Ba6 14. Bxb8 Bc4 15.
Qc2 Qxb8 16. Ne5 Bb5 17. Rfc1 Qb6 18. e3 Rfc8 19. Ra5 Rab8 20. Qc5 a6 21. Bf1
Bxf1 22. Kxf1 Qxb4 23. Qxb4 Rxb4 24. Nxc6 Kf8 25. Nxb4 Rxc1+ 26. Ke2 Rc4 27.
Nd3 Ne4 28. Kd1 Rc6 29. f3 Ng5 30. Ne5 Rd6 31. h4 f6 32. hxg5 fxe5 33. dxe5 Rb6
34. Kc2 Rc6+ 35. Kd3 Kf7 36. f4 Rb6 37. Kc3 Rc6+ 38. Kd4 Rb6 39. Ra2 Rc6 40. g4
Ke7 41. b3 Rb6 42. Kc3 Rc6+ 43. Kb2 Rb6 44. Ra4 Kf7 45. Kc3 Rc6+ 46. Kd4 Rb6
47. f5 Ke7 48. f6+ Kf7 49. Kc5 Rb5+ 50. Kc6 gxf6 51. gxf6 Rxb3 52. Rxa6 Rxe3
53. Kd6 d4 54. Ra7+ 1-0

[Event "1. Bundesliga 2014/2015"]
[Site "Feffernitz, St. Veit/Glan, Mayrhofen"]
[Date "2014.11.20"]
[Round "1"]
[Board "6"]
[White "Seyb, Alexander"]
[Black "Lehner, Oliver"]
[Result "1/2-1/2"]
[WhiteElo "2427"]
[BlackElo "2425"]
[PlyCount "94"]
[EventDate "2014.11.20"]
[EventType "team"]
[EventRounds "11"]
[EventCountry "AUT"]
[WhiteTeam "SIR Royal Salzburg"]
[BlackTeam "Sparkasse Jenbach"]

1. e4 e6 2. d4 d5 3. Nc3 Nf6 4. e5 Nfd7 5. f4 c5 6. Nf3 Nc6 7. Be3 a6 8. Qd2 b5
9. dxc5 Bxc5 10. Bd3 Qb6 11. Bf2 Bxf2+ 12. Qxf2 Qxf2+ 13. Kxf2 O-O 14. Rhe1 Nc5
15. Ke3 Bd7 16. Ne2 f6 17. Ned4 Rac8 18. Re2 g5 19. Nxc6 gxf4+ 20. Kd4 Rxc6 21.
exf6 Rxf6 22. Ne5 Rc7 23. Rf1 Be8 24. Ref2 Nxd3 25. cxd3 Rf5 26. Ng4 Kg7 27.
Rxf4 Rxf4+ 28. Rxf4 Bg6 29. Rf2 Rc1 30. a3 h5 31. Ne5 Bf5 32. h3 a5 33. g4 hxg4
34. hxg4 Bg6 35. Nd7 b4 36. axb4 axb4 37. Nc5 Bf7 38. Nb3 Rg1 39. Kc5 Rxg4 40.
d4 Re4 41. Kxb4 e5 42. Rd2 Kf8 43. Kc3 Re3+ 44. Rd3 exd4+ 45. Nxd4 Rxd3+ 46.
Kxd3 Ke7 47. Nf3 Kd6 1/2-1/2

[Event "1. Bundesliga 2014/2015"]
[Site "Feffernitz, St. Veit/Glan, Mayrhofen"]
[Date "2014.11.20"]
[Round "1"]
[Board "1"]
[White "Ragger, Markus"]
[Black "Maksimenko, Andrei"]
[Result "1-0"]
[WhiteElo "2661"]
[BlackElo "2495"]
[PlyCount "83"]
[EventDate "2014.11.20"]
[EventType "team"]
[EventRounds "11"]
[EventCountry "AUT"]
[WhiteTeam "Schachclub MPOE Maria Saal"]
[BlackTeam "ASVOE Wulkaprodersdorf"]

1. e4 c5 2. Nf3 d6 3. d4 cxd4 4. Nxd4 Nf6 5. Nc3 a6 6. Be3 e5 7. Nb3 Be7 8. f3
Be6 9. Qd2 Nbd7 10. O-O-O O-O 11. g4 b5 12. g5 b4 13. Ne2 Ne8 14. f4 a5 15. f5
a4 16. fxe6 axb3 17. cxb3 fxe6 18. Bh3 Rxa2 19. Bxe6+ Kh8 20. Ng3 Nc7 21. Bc4
Qa8 22. Rhf1 Rxf1 23. Rxf1 Ra1+ 24. Kc2 Rxf1 25. Bxf1 d5 26. Qf2 g6 27. h4 Qf8
28. Qxf8+ Bxf8 29. Bd2 Kg7 30. exd5 Nxd5 31. Kd3 Nc5+ 32. Kc2 Nd7 33. Ne4 Nc5
34. Nxc5 Bxc5 35. Kd3 Nb6 36. Ke4 Bf2 37. Kxe5 Bxh4 38. Be3 Nd7+ 39. Ke6 Nf8+
40. Ke7 h6 41. Bd4+ Kh7 42. Kxf8 1-0

[Event "1. Bundesliga 2014/2015"]
[Site "Feffernitz, St. Veit/Glan, Mayrhofen"]
[Date "2014.11.20"]
[Round "1"]
[Board "3"]
[White "Predojevic, Borki"]
[Black "Antal, Gergely"]
[Result "1/2-1/2"]
[WhiteElo "2618"]
[BlackElo "2510"]
[PlyCount "92"]
[EventDate "2014.11.20"]
[EventType "team"]
[EventRounds "11"]
[EventCountry "AUT"]
[WhiteTeam "Schachclub MPOE Maria Saal"]
[BlackTeam "ASVOE Wulkaprodersdorf"]

1. e4 c6 2. Nc3 d5 3. Nf3 Bg4 4. h3 Bh5 5. d4 e6 6. Bd3 Nf6 7. e5 Nfd7 8. g4
Bg6 9. Bxg6 hxg6 10. Ne2 c5 11. c3 Nc6 12. Kf1 Be7 13. Kg2 b5 14. Nf4 g5 15.
Nh5 g6 16. Ng3 b4 17. Qe2 bxc3 18. bxc3 Nb6 19. Rb1 Nc4 20. Rd1 O-O 21. Rb7
cxd4 22. cxd4 Rb8 23. Rxb8 Nxb8 24. Nf1 Nd7 25. Rd3 Ndb6 26. Qc2 Kg7 27. Qb1
Re8 28. Qb5 Rf8 29. Qb1 Kg8 30. Ng3 Kg7 31. Qb5 a5 32. Qc6 a4 33. Ne2 Qd7 34.
Qxd7 Nxd7 35. Bxg5 Bb4 36. Rd1 Nb8 37. h4 Nc6 38. Bf6+ Kg8 39. h5 gxh5 40. Rh1
Be7 41. Rxh5 Bxf6 42. exf6 Rb8 43. Rg5+ Kf8 44. Rh5 Kg8 45. Rg5+ Kf8 46. Rh5
Kg8 1/2-1/2

[Event "1. Bundesliga 2014/2015"]
[Site "Feffernitz, St. Veit/Glan, Mayrhofen"]
[Date "2014.11.20"]
[Round "1"]
[Board "4"]
[White "Thiede, Lars"]
[Black "Kreisl, Robert"]
[Result "1-0"]
[WhiteElo "2441"]
[BlackElo "2421"]
[PlyCount "96"]
[EventDate "2014.11.20"]
[EventType "team"]
[EventRounds "11"]
[EventCountry "AUT"]
[WhiteTeam "ASVOE Wulkaprodersdorf"]
[BlackTeam "Schachclub MPOE Maria Saal"]

1. c4 c5 2. g3 g6 3. Bg2 Bg7 4. Nc3 Nc6 5. d3 d6 6. Nf3 Bf5 7. Bd2 Nf6 8. a3 a5
9. h3 O-O 10. Rb1 Rb8 11. Qc1 Re8 12. Bh6 e5 13. e4 Be6 14. O-O Qd7 15. Bxg7
Kxg7 16. Ng5 h6 17. Nxe6+ fxe6 18. Qd1 Nd4 19. b4 axb4 20. axb4 b5 21. cxb5
Nxb5 22. Nxb5 Qxb5 23. bxc5 Qxc5 24. Rc1 Qb6 25. Rc4 d5 26. Ra4 Ra8 27. Re1
Rxa4 28. Qxa4 Re7 29. Qa1 d4 30. Rb1 Qa7 31. Qb2 Nd7 32. Ra1 Qc7 33. Rc1 Qa7
34. Qb4 Kf7 35. Qd6 Qb8 36. Rc7 Qe8 37. Bf3 Nf8 38. Qxe5 Rxc7 39. Qxc7+ Qd7 40.
Qe5 Qa7 41. Kg2 h5 42. Qh8 Qc5 43. e5 Ke8 44. Be4 Kd7 45. Qf6 Qe7 46. Bc6+ Kd8
47. Qxe7+ Kxe7 48. h4 Kd8 1-0

[Event "1. Bundesliga 2014/2015"]
[Site "Feffernitz, St. Veit/Glan, Mayrhofen"]
[Date "2014.11.20"]
[Round "1"]
[Board "5"]
[White "Schachinger, Mario"]
[Black "Wallner, Joachim"]
[Result "1/2-1/2"]
[WhiteElo "2432"]
[BlackElo "2331"]
[PlyCount "101"]
[EventDate "2014.11.20"]
[EventType "team"]
[EventRounds "11"]
[EventCountry "AUT"]
[WhiteTeam "Schachclub MPOE Maria Saal"]
[BlackTeam "ASVOE Wulkaprodersdorf"]

1. d4 d5 2. c4 c6 3. Nf3 Nf6 4. Nc3 a6 5. e3 b5 6. b3 Bg4 7. Be2 Nbd7 8. O-O e6
9. h3 Bh5 10. Bb2 Bd6 11. Ne5 Bxe2 12. Nxe2 Qc7 13. cxd5 cxd5 14. Rc1 Qb8 15.
f4 O-O 16. Qd3 Rc8 17. Nxd7 Nxd7 18. Rxc8+ Qxc8 19. Rc1 Qb7 20. Qc2 Nf6 21. Qc6
Qxc6 22. Rxc6 Ne4 23. Nc3 Nxc3 24. Bxc3 Be7 25. Ba5 h5 26. Kf2 Kf8 27. Kf3 Ke8
28. Bb6 a5 29. Bc5 Bd8 30. e4 dxe4+ 31. Kxe4 Kd7 32. Rd6+ Ke8 33. Rc6 Kd7 34.
d5 Bc7 35. f5 Re8 36. fxe6+ fxe6 37. Bd4 g5 38. Ra6 exd5+ 39. Kxd5 Re2 40. Rg6
Rxg2 41. Rg7+ Kc8 42. Kc6 Rc2+ 43. Kxb5 Bd8 44. a4 Rh2 45. Kc6 Rxh3 46. b4 axb4
47. Ra7 Kb8 48. Rb7+ Kc8 49. Ra7 Kb8 50. Rb7+ Kc8 51. Ra7 1/2-1/2

[Event "1. Bundesliga 2014/2015"]
[Site "Feffernitz, St. Veit/Glan, Mayrhofen"]
[Date "2014.11.20"]
[Round "1"]
[Board "6"]
[White "Glavanich, Johann"]
[Black "Halvax, Georg"]
[Result "0-1"]
[WhiteElo "1880"]
[BlackElo "2343"]
[PlyCount "64"]
[EventDate "2014.11.20"]
[EventType "team"]
[EventRounds "11"]
[EventCountry "AUT"]
[WhiteTeam "ASVOE Wulkaprodersdorf"]
[BlackTeam "Schachclub MPOE Maria Saal"]

1. d4 d5 2. c4 e6 3. Nc3 Bb4 4. e3 Nf6 5. a3 Bxc3+ 6. bxc3 O-O 7. cxd5 exd5 8.
Bd3 c5 9. Nf3 Bg4 10. h3 Bh5 11. O-O c4 12. Be2 Ne4 13. Bd2 Nc6 14. Be1 Re8 15.
Kh1 Qa5 16. Qc1 Re6 17. g4 Bg6 18. Nh4 Nd6 19. Nxg6 hxg6 20. f3 Rae8 21. Bd2
Qd8 22. Qc2 Na5 23. Rad1 Nb3 24. e4 Nxd2 25. Rxd2 dxe4 26. d5 R6e7 27. f4 e3
28. Rdd1 Ne4 29. Kg2 Nd2 30. d6 Qxd6 31. Bxc4 Qc6+ 32. Kg1 Qxc4 0-1

[Event "1. Bundesliga 2014/2015"]
[Site "Feffernitz, St. Veit/Glan, Mayrhofen"]
[Date "2014.11.20"]
[Round "1"]
[Board "1"]
[White "Rozentalis, Eduardas"]
[Black "Votava, Jan"]
[Result "1/2-1/2"]
[WhiteElo "2549"]
[BlackElo "2524"]
[PlyCount "107"]
[EventDate "2014.11.20"]
[EventType "team"]
[EventRounds "11"]
[EventCountry "AUT"]
[WhiteTeam "SK Hohenems"]
[BlackTeam "Mayrhofen/SK Zell/Zillertal"]

1. e4 c5 2. Nf3 e6 3. c3 d5 4. e5 d4 5. Bd3 Bd7 6. O-O Bc6 7. Re1 Ne7 8. b4
cxb4 9. Nxd4 Ng6 10. Qg4 Bc5 11. Bxg6 hxg6 12. Nb3 Be7 13. cxb4 Rh4 14. Qg3
Bxb4 15. Ba3 Na6 16. Rc1 Rh5 17. Rc4 Bd5 18. Rg4 Bxa3 19. Nxa3 Kf8 20. Nc4 Bxc4
21. Rxc4 Qd5 22. Qc3 Rxe5 23. Rc8+ Rxc8 24. Qxc8+ Ke7 25. Rc1 Qc6 26. Qxc6 bxc6
27. f4 Re4 28. Rxc6 Ra4 29. g3 Rxa2 30. Kf2 Kf6 31. Ke2 g5 32. fxg5+ Kxg5 33.
Nc1 Ra3 34. Rc4 Kf6 35. Nd3 Ra5 36. Rc6 Ke7 37. h4 Ra4 38. h5 Ra5 39. g4 Kf6
40. Nf2 Kg5 41. Kf3 Ra3+ 42. d3 Nb4 43. Rd6 g6 44. Rd7 gxh5 45. gxh5 Kxh5 46.
Rxf7 Kg6 47. Rb7 a5 48. Ke4 Nc6 49. Rb6 Ra4+ 50. Ke3 Nd4 51. Ne4 Rb4 52. Ra6 a4
53. Nc5 Kf6 54. Rxa4 1/2-1/2

[Event "1. Bundesliga 2014/2015"]
[Site "Feffernitz, St. Veit/Glan, Mayrhofen"]
[Date "2014.11.20"]
[Round "1"]
[Board "2"]
[White "Lanka, Zigurds"]
[Black "Martinovic, Sasa"]
[Result "0-1"]
[WhiteElo "2422"]
[BlackElo "2520"]
[PlyCount "80"]
[EventDate "2014.11.20"]
[EventType "team"]
[EventRounds "11"]
[EventCountry "AUT"]
[WhiteTeam "Mayrhofen/SK Zell/Zillertal"]
[BlackTeam "SK Hohenems"]

1. e4 e6 2. d4 d5 3. Nc3 Nf6 4. e5 Nfd7 5. f4 c5 6. Nce2 Nc6 7. Nf3 b5 8. a3
Rb8 9. c3 a5 10. dxc5 Nxc5 11. Ned4 Nxd4 12. Nxd4 Bd7 13. Be3 Be7 14. Qc2 O-O
15. Nf3 f5 16. exf6 gxf6 17. Be2 Be8 18. f5 e5 19. O-O Bc6 20. Nh4 Kh8 21. Bf3
Qc7 22. Qf2 Nd3 23. Qg3 Bc5 24. Bxc5 Nxc5 25. Rad1 Rfd8 26. Qf2 Nb3 27. Kh1 a4
28. Qe3 Qg7 29. Rde1 Qg5 30. Qf2 e4 31. Bd1 Nd2 32. Rg1 Nc4 33. Re2 Rd7 34. Bc2
Rg8 35. Qe1 Rdg7 36. Bd1 Ne5 37. Bc2 Nf3 38. Nxf3 exf3 39. Rf2 fxg2+ 40. Rgxg2
d4 0-1

[Event "1. Bundesliga 2014/2015"]
[Site "Feffernitz, St. Veit/Glan, Mayrhofen"]
[Date "2014.11.20"]
[Round "1"]
[Board "3"]
[White "Atlas, Valery"]
[Black "Maiwald, Jens-Uwe"]
[Result "1/2-1/2"]
[WhiteElo "2433"]
[BlackElo "2464"]
[PlyCount "100"]
[EventDate "2014.11.20"]
[EventType "team"]
[EventRounds "11"]
[EventCountry "AUT"]
[WhiteTeam "SK Hohenems"]
[BlackTeam "Mayrhofen/SK Zell/Zillertal"]

1. e4 c5 2. Nf3 e6 3. d4 cxd4 4. Nxd4 Nc6 5. Nc3 Qc7 6. g3 a6 7. Bg2 Nge7 8.
Be3 Nxd4 9. Qxd4 Nc6 10. Qb6 Qb8 11. Bc5 Bxc5 12. Qxc5 b6 13. Qg5 O-O 14. O-O
Ra7 15. Rad1 d6 16. Rd2 b5 17. Rfd1 Rd7 18. Qe3 Rfd8 19. b3 Qc7 20. Ne2 Bb7 21.
c3 Ne7 22. Nf4 e5 23. Nh5 Ng6 24. f4 f6 25. Bh3 Re7 26. f5 Nf8 27. Bg2 Rc8 28.
Rxd6 Qxc3 29. Qxc3 Rxc3 30. g4 Rec7 31. h4 Rc1 32. g5 Rxd1+ 33. Rxd1 Kf7 34.
gxf6 g6 35. Ng3 Kxf6 36. Rf1 Kg7 37. h5 Nd7 38. fxg6 hxg6 39. hxg6 Kxg6 40. Nf5
Nf6 41. Nd6 Rd7 42. Nxb7 Rxb7 43. Rc1 Kg5 44. Rc6 Rd7 45. Rxa6 Rd2 46. Re6 Ng4
47. Bh3 Rd1+ 48. Kg2 Rd2+ 49. Kg1 Rd1+ 50. Kg2 Rd2+ 1/2-1/2

[Event "1. Bundesliga 2014/2015"]
[Site "Feffernitz, St. Veit/Glan, Mayrhofen"]
[Date "2014.11.20"]
[Round "1"]
[Board "4"]
[White "Platzgummer, Fabian"]
[Black "Froewis, Georg"]
[Result "1/2-1/2"]
[WhiteElo "2332"]
[BlackElo "2434"]
[PlyCount "60"]
[EventDate "2014.11.20"]
[EventType "team"]
[EventRounds "11"]
[EventCountry "AUT"]
[WhiteTeam "Mayrhofen/SK Zell/Zillertal"]
[BlackTeam "SK Hohenems"]

1. Nf3 d5 2. g3 Bg4 3. Bg2 Nd7 4. c4 e6 5. b3 Ngf6 6. Bb2 Bd6 7. O-O O-O 8. d3
c6 9. h3 Bxf3 10. Bxf3 Qe7 11. e3 Rfe8 12. a3 Rad8 13. Qc2 Bb8 14. Nc3 h5 15.
h4 Ne5 16. Bg2 dxc4 17. dxc4 Nd3 18. Ne4 Nxb2 19. Qxb2 Nxe4 20. Bxe4 Rd7 21.
Bf3 Red8 22. Rfd1 g6 23. Kg2 Bd6 24. b4 Bc7 25. Rxd7 Rxd7 26. Rd1 Rxd1 27. Bxd1
Qd6 28. Qd4 Qxd4 29. exd4 Kf8 30. Kf3 Ke7 1/2-1/2

[Event "1. Bundesliga 2014/2015"]
[Site "Feffernitz, St. Veit/Glan, Mayrhofen"]
[Date "2014.11.20"]
[Round "1"]
[Board "5"]
[White "Kessler, Luca"]
[Black "Tabernig, Bernhard"]
[Result "1/2-1/2"]
[WhiteElo "2324"]
[BlackElo "2328"]
[PlyCount "112"]
[EventDate "2014.11.20"]
[EventType "team"]
[EventRounds "11"]
[EventCountry "AUT"]
[WhiteTeam "SK Hohenems"]
[BlackTeam "Mayrhofen/SK Zell/Zillertal"]

1. d4 d5 2. c4 c6 3. Nc3 dxc4 4. e3 Be6 5. Nf3 Nf6 6. Ng5 Bd5 7. e4 h6 8. exd5
hxg5 9. dxc6 Nxc6 10. d5 Ne5 11. Qd4 Nfd7 12. Bxg5 f6 13. Be3 g5 14. Bxc4 Rh4
15. f4 gxf4 16. Be2 Qb6 17. O-O-O Bh6 18. Kb1 Bg5 19. Qxb6 axb6 20. Bf2 Rh8 21.
h4 Bh6 22. Nb5 Kd8 23. d6 exd6 24. Nxd6 Rg8 25. Rhg1 Bf8 26. Ne4 Kc7 27. Nc3
Re8 28. Nd5+ Kb8 29. Bh5 Rc8 30. Nxf4 Nc5 31. Be2 Ne4 32. Bxb6 Bh6 33. Nd5 Rge8
34. Bd4 Nd2+ 35. Ka1 Nc6 36. Bc3 Rxe2 37. Nxf6 Be3 38. Rge1 Rxe1 39. Rxe1 Bf4
40. g4 Ka7 41. a3 Nb3+ 42. Ka2 Nc1+ 43. Kb1 Nd3 44. Re4 b5 45. Kc2 Nce5 46. g5
Rc4 47. Re2 Bg3 48. h5 Bh4 49. Nh7 Be1 50. Nf6 Bh4 51. Nh7 Be1 52. Re3 Bxc3 53.
bxc3 Rh4 54. Nf6 Rh2+ 55. Kb1 Rh1+ 56. Kc2 Rh2+ 1/2-1/2

[Event "1. Bundesliga 2014/2015"]
[Site "Feffernitz, St. Veit/Glan, Mayrhofen"]
[Date "2014.11.20"]
[Round "1"]
[Board "6"]
[White "Schiestl, Josef"]
[Black "Novkovic, Milan"]
[Result "0-1"]
[WhiteElo "2128"]
[BlackElo "2380"]
[PlyCount "92"]
[EventDate "2014.11.20"]
[EventType "team"]
[EventRounds "11"]
[EventCountry "AUT"]
[WhiteTeam "Mayrhofen/SK Zell/Zillertal"]
[BlackTeam "SK Hohenems"]

1. e4 e6 2. d4 d5 3. Nd2 a6 4. Ngf3 c5 5. dxc5 Bxc5 6. Bd3 Nf6 7. O-O O-O 8. a3
Nc6 9. b4 Ba7 10. Bb2 b5 11. Qe2 Bb7 12. Rad1 Rc8 13. e5 Nd7 14. h4 h6 15. Nb3
Bb8 16. Rfe1 Qe7 17. h5 Rce8 18. Qd2 Qd8 19. Re2 Qc7 20. Rde1 Nb6 21. Nbd4 Nc4
22. Bxc4 dxc4 23. Nxc6 Qxc6 24. Bd4 Rd8 25. Qe3 Rd5 26. Rd2 Rfd8 27. Red1 R8d7
28. Bc3 Bc7 29. Rxd5 Rxd5 30. Rxd5 Qxd5 31. Bd4 Bd8 32. Ne1 Bg5 33. f4 Bh4 34.
Nf3 Bg3 35. c3 Qe4 36. Qxe4 Bxe4 37. Nd2 Bd3 38. Be3 Be1 39. Kh2 Kh7 40. Kh3 g6
41. hxg6+ Kxg6 42. g3 h5 43. Kg2 Kf5 44. Kf3 Bc2 45. a4 Bxa4 46. Nb1 Bd1+ 0-1

[Event "1. Bundesliga 2014/2015"]
[Site "Feffernitz, St. Veit/Glan, Mayrhofen"]
[Date "2014.11.21"]
[Round "2"]
[Board "1"]
[White "Haba, Petr"]
[Black "Votava, Jan"]
[Result "1-0"]
[WhiteElo "2512"]
[BlackElo "2524"]
[PlyCount "93"]
[EventDate "2014.11.20"]
[EventType "team"]
[EventRounds "11"]
[EventCountry "AUT"]
[WhiteTeam "Spk. Grieskirchen/Schallerbach"]
[BlackTeam "Mayrhofen/SK Zell/Zillertal"]

1. d4 Nf6 2. c4 e6 3. g3 c5 4. d5 exd5 5. cxd5 b5 6. e4 Nxe4 7. Bg2 Nd6 8. Nf3
Be7 9. O-O O-O 10. Bf4 Na6 11. Re1 Bb7 12. Nc3 b4 13. Na4 Re8 14. a3 Rc8 15.
Nd2 Bf8 16. Bxd6 Rxe1+ 17. Qxe1 Bxd6 18. Nc4 Qf8 19. Rc1 Re8 20. Qd2 Bb8 21. d6
Bc6 22. Bxc6 dxc6 23. d7 Rd8 24. Na5 Qd6 25. Qxd6 Bxd6 26. Rd1 Rxd7 27. Nc4 Kf8
28. Rxd6 Rxd6 29. Nxd6 Ke7 30. Ne4 bxa3 31. bxa3 Ke6 32. Kf1 Kd5 33. Nd2 Nc7
34. Ke2 Nb5 35. Kd3 Nxa3 36. Nc3+ Ke6 37. Nde4 c4+ 38. Kd4 f5 39. Nd2 Nc2+ 40.
Kxc4 f4 41. g4 h5 42. h3 hxg4 43. hxg4 Kd6 44. Nf3 a5 45. Ne4+ Ke6 46. Nc5+ Kf6
47. Nd3 1-0

[Event "1. Bundesliga 2014/2015"]
[Site "Feffernitz, St. Veit/Glan, Mayrhofen"]
[Date "2014.11.21"]
[Round "2"]
[Board "2"]
[White "Lanka, Zigurds"]
[Black "Kilgus, Georg"]
[Result "1-0"]
[WhiteElo "2422"]
[BlackElo "2429"]
[PlyCount "69"]
[EventDate "2014.11.20"]
[EventType "team"]
[EventRounds "11"]
[EventCountry "AUT"]
[WhiteTeam "Mayrhofen/SK Zell/Zillertal"]
[BlackTeam "Spk. Grieskirchen/Schallerbach"]

1. e4 e6 2. d4 d5 3. Nc3 Bb4 4. e5 Ne7 5. a3 Bxc3+ 6. bxc3 b6 7. Qg4 Ng6 8. h4
h5 9. Qd1 Qd7 10. Bg5 Ba6 11. Bxa6 Nxa6 12. a4 Qc6 13. Ne2 Qc4 14. O-O c5 15.
f4 Nf8 16. f5 exf5 17. Rxf5 Ne6 18. Be3 Rc8 19. Rc1 cxd4 20. cxd4 Qxa4 21. Ng3
Rc3 22. Rf3 Nac7 23. Nf5 Nb5 24. Qf1 Qc4 25. Qf2 g6 26. Nd6+ Nxd6 27. exd6 f5
28. Qg3 Rg8 29. Rxf5 gxf5 30. Qxg8+ Kd7 31. Re1 Rxc2 32. Qf7+ Kxd6 33. Qxf5 Qa2
34. Bf4+ Nxf4 35. Qf6+ 1-0

[Event "1. Bundesliga 2014/2015"]
[Site "Feffernitz, St. Veit/Glan, Mayrhofen"]
[Date "2014.11.21"]
[Round "2"]
[Board "3"]
[White "Schwabeneder, Florian"]
[Black "Hausner, Ivan"]
[Result "1-0"]
[WhiteElo "2320"]
[BlackElo "2332"]
[PlyCount "91"]
[EventDate "2014.11.20"]
[EventType "team"]
[EventRounds "11"]
[EventCountry "AUT"]
[WhiteTeam "Spk. Grieskirchen/Schallerbach"]
[BlackTeam "Mayrhofen/SK Zell/Zillertal"]

1. e4 c5 2. Nf3 d6 3. d4 cxd4 4. Nxd4 Nf6 5. Nc3 a6 6. Be2 e6 7. O-O Qc7 8. f4
Be7 9. Be3 b5 10. e5 dxe5 11. fxe5 Qxe5 12. Bf4 Qc5 13. Bf3 e5 14. Be3 exd4 15.
Bxd4 Qc7 16. Bxa8 O-O 17. Qf3 Be6 18. Ne4 Nbd7 19. Nxf6+ Nxf6 20. Be4 Ng4 21.
g3 Rd8 22. c3 Nf6 23. Bf5 Bd5 24. Qe3 Bb7 25. Rae1 Qc6 26. Qf3 Qxf3 27. Rxf3
Bxf3 28. Rxe7 b4 29. Ra7 bxc3 30. bxc3 Be2 31. Bc2 Bc4 32. Bb3 Bxb3 33. axb3
Ne4 34. Rxa6 h5 35. b4 Rc8 36. Ra3 Nd6 37. Ra5 Ne4 38. Ra3 Nd6 39. Kf2 Nb5 40.
Rb3 Re8 41. Be3 Rc8 42. Bc5 Ra8 43. c4 Ra2+ 44. Ke3 Na3 45. Kd3 Nc2 46. b5 1-0

[Event "1. Bundesliga 2014/2015"]
[Site "Feffernitz, St. Veit/Glan, Mayrhofen"]
[Date "2014.11.21"]
[Round "2"]
[Board "4"]
[White "Maiwald, Jens-Uwe"]
[Black "Singer, Christoph"]
[Result "0-1"]
[WhiteElo "2464"]
[BlackElo "2358"]
[PlyCount "62"]
[EventDate "2014.11.20"]
[EventType "team"]
[EventRounds "11"]
[EventCountry "AUT"]
[WhiteTeam "Mayrhofen/SK Zell/Zillertal"]
[BlackTeam "Spk. Grieskirchen/Schallerbach"]

1. Nf3 d5 2. c4 e6 3. g3 Nf6 4. Bg2 dxc4 5. Qa4+ c6 6. Qxc4 b5 7. Qc2 Bb7 8.
O-O Nbd7 9. d3 Rc8 10. e4 Be7 11. Be3 O-O 12. a4 a5 13. h3 Bb4 14. Rd1 Nb6 15.
b3 bxa4 16. bxa4 c5 17. Nbd2 Nfd7 18. Nc4 Nxc4 19. dxc4 Qe7 20. h4 Rfd8 21. Bg5
f6 22. Be3 Bc6 23. g4 Nb6 24. Rxd8+ Rxd8 25. g5 Qb7 26. gxf6 gxf6 27. Nh2 Kh8
28. Ng4 Qg7 29. f3 f5 30. Rd1 Rg8 31. Nh6 Bxa4 0-1

[Event "1. Bundesliga 2014/2015"]
[Site "Feffernitz, St. Veit/Glan, Mayrhofen"]
[Date "2014.11.21"]
[Round "2"]
[Board "5"]
[White "Lentrodt, Thomas"]
[Black "Platzgummer, Fabian"]
[Result "1/2-1/2"]
[WhiteElo "2271"]
[BlackElo "2332"]
[PlyCount "97"]
[EventDate "2014.11.20"]
[EventType "team"]
[EventRounds "11"]
[EventCountry "AUT"]
[WhiteTeam "Spk. Grieskirchen/Schallerbach"]
[BlackTeam "Mayrhofen/SK Zell/Zillertal"]

1. d4 d5 2. Nf3 Nf6 3. c4 dxc4 4. e3 Be6 5. Na3 c5 6. Bxc4 Bxc4 7. Nxc4 cxd4 8.
Nxd4 Qd5 9. Qa4+ Nbd7 10. O-O Rb8 11. Na3 a6 12. Rd1 e5 13. Nf5 Qe4 14. Qxe4
Nxe4 15. f3 Nec5 16. Nc4 g6 17. Ncd6+ Bxd6 18. Nxd6+ Ke7 19. b4 Na4 20. Nxf7
Kxf7 21. Rxd7+ Ke6 22. Rd2 Rhd8 23. Kf2 Nc3 24. e4 Rbc8 25. Ke1 Nb5 26. Rxd8
Rxd8 27. Bb2 Rc8 28. Rc1 Rxc1+ 29. Bxc1 Nd4 30. Kd2 g5 31. Kd3 h6 32. Be3 Nb5
33. h4 Kf6 34. hxg5+ hxg5 35. Kc4 g4 36. fxg4 Ke6 37. g5 Nd6+ 38. Kc5 Nxe4+ 39.
Kb6 Nc3 40. Bd2 Nxa2 41. Ka5 e4 42. Ka4 e3 43. Bxe3 Nc3+ 44. Kb3 Nd5 45. Bd2
Nb6 46. Kc3 Nc8 47. Bf4 b6 48. Be3 a5 49. Bxb6 1/2-1/2

[Event "1. Bundesliga 2014/2015"]
[Site "Feffernitz, St. Veit/Glan, Mayrhofen"]
[Date "2014.11.21"]
[Round "2"]
[Board "6"]
[White "Tabernig, Bernhard"]
[Black "Schueller, Ernst"]
[Result "1-0"]
[WhiteElo "2328"]
[BlackElo "2185"]
[PlyCount "181"]
[EventDate "2014.11.20"]
[EventType "team"]
[EventRounds "11"]
[EventCountry "AUT"]
[WhiteTeam "Mayrhofen/SK Zell/Zillertal"]
[BlackTeam "Spk. Grieskirchen/Schallerbach"]

1. d4 Nf6 2. c4 c6 3. Nf3 g6 4. Nc3 Bg7 5. e4 d6 6. Be2 Bg4 7. O-O O-O 8. Be3
Qc7 9. h3 Bxf3 10. Bxf3 Nfd7 11. Qd2 Re8 12. Rad1 a6 13. Be2 e5 14. f4 b5 15.
dxe5 dxe5 16. f5 Nf6 17. a3 Nbd7 18. Qe1 gxf5 19. Rxf5 Re6 20. Qh4 Nf8 21. Qf2
Ne8 22. Bb6 Qb7 23. Bc5 Ng6 24. h4 Nf4 25. Bf1 Rg6 26. g3 Ne6 27. Be3 Qe7 28.
h5 Rf6 29. cxb5 axb5 30. Bxb5 Nd4 31. Rxf6 Nxf6 32. Be2 Nxe2+ 33. Qxe2 Qe6 34.
Kg2 h6 35. Rd2 Ng4 36. Bc5 Bf8 37. Bg1 Be7 38. Qf3 Bg5 39. Re2 Nf6 40. Be3 Bxe3
41. Rxe3 Rd8 42. Re2 Kg7 43. Qf5 Qe7 44. Rf2 Nh7 45. Nd1 Rd3 46. Rc2 Ng5 47.
Nf2 Rf3 48. Qc8 Qf6 49. Qg4 Re3 50. Re2 Rb3 51. Nh3 Qf3+ 52. Qxf3 Nxf3 53. Nf2
Nd4 54. Rd2 Nf3 55. Rd1 Nd4 56. Nd3 f5 57. Nxe5 Rxb2+ 58. Kh3 c5 59. Nd7 Rc2
60. exf5 Nxf5 61. Rd5 Nd4 62. Nxc5 Nf3 63. Ne4 Rc4 64. Rd7+ Kg8 65. Nf2 Ng5+
66. Kg2 Ra4 67. Rd3 Kf7 68. Re3 Ne6 69. Nd3 Ng7 70. Nf4 Nf5 71. Rb3 Ra6 72. Kh3
Nd4 73. Rb7+ Kf6 74. Rb6+ Rxb6 75. Nd5+ Kg5 76. Nxb6 Kxh5 77. a4 Nb3 78. Nc4
Kg5 79. a5 Nc5 80. Ne3 Na6 81. Nd5 Kh5 82. Nc3 Nc7 83. Ne4 Na6 84. g4+ Kg6 85.
Kh4 Nb8 86. Nc5 Nc6 87. a6 Kg7 88. Kh5 Kh7 89. Ne6 Na7 90. Nd4 Nc8 91. Nf5 1-0